I segreti del Vaticano : (Record no. 117226)

MARC details
000 -LEADER
campo de control de longitud fija 02556cam a22004454a 4500
001 - NÚMERO DE CONTROL
campo de control 16766736
003 - IDENTIFICADOR DE NÚMERO DE CONTROL
campo de control BJBSDDR
005 - FECHA Y HORA DE LA ÚLTIMA TRANSACCIÓN
campo de control 20230411090830.0
006 - CÓDIGOS DE INFORMACIÓN DE LONGITUD FIJA--CARACTERÍSTICAS DEL MATERIAL ADICIONAL
campo de control de longitud fija a|||||r|||| 00| 0
007 - CAMPO FIJO DE DESCRIPCIÓN FÍSICA--INFORMACIÓN GENERAL
campo de control de longitud fija ta
008 - DATOS DE LONGITUD FIJA--INFORMACIÓN GENERAL
campo de control de longitud fija 100917s2013 it a b 001 0 ita d
010 ## - NÚMERO DE CONTROL DE LA BIBLIOTECA DEL CONGRESO
Número de control de LC 2010465565
020 ## - NÚMERO INTERNACIONAL ESTÁNDAR DEL LIBRO
Número Internacional Estándar del Libro 9788804631859
020 ## - NÚMERO INTERNACIONAL ESTÁNDAR DEL LIBRO
Número Internacional Estándar del Libro 8804631856
035 ## - NÚMERO DE CONTROL DEL SISTEMA
Número de control de sistema (ItFiC)it 10311971
040 ## - FUENTE DE CATALOGACIÓN
Centro catalogador/agencia de origen ItFiC
Centro/agencia transcriptor ItFiC
Centro/agencia modificador DLC
Lengua de catalogación eng
041 ## - CÓDIGO DE IDIOMA
Código de lengua del texto/banda sonora o título independiente ita
042 ## - CÓDIGO DE AUTENTICACIÓN
Código de autenticación lccopycat
043 ## - CÓDIGO DE ÁREA GEOGRÁFICA
Código de área geográfica e-it---
-- e-vc---
050 14 - SIGNATURA TOPOGRÁFICA DE LA BIBLIOTECA DEL CONGRESO
Número de clasificación BX 1548
Número de ítem A921s 2013
100 1# - ENTRADA PRINCIPAL--NOMBRE DE PERSONA
Nombre de persona Augias, Corrado,
9 (RLIN) 25435
Fechas asociadas al nombre 1935-
245 12 - MENCIÓN DEL TÍTULO
Título I segreti del Vaticano :
Resto del título storie, luoghi, personaggi di un potere millenario /
Mención de responsabilidad, etc. Corrado Augias.
250 ## - MENCION DE EDICION
Mención de edición 1. ed.
260 ## - PUBLICACIÓN, DISTRIBUCIÓN, ETC.
Lugar de publicación, distribución, etc. Milano :
Nombre del editor, distribuidor, etc. Oscar Mondadori,
Fecha de publicación, distribución, etc. 2010.
300 ## - DESCRIPCIÓN FÍSICA
Extensión 385 pages, 24 unnumbered pages of plates :
Otras características físicas illustrations (some color) ;
Dimensiones 20 cm.
440 #0 - MENCIÓN DE SERIE/PUNTO DE ACCESO ADICIONAL--TÍTULO
9 (RLIN) 28096
Título Oscar bestsellers
504 ## - NOTA DE BIBLIOGRAFÍA, ETC.
Nota de bibliografía, etc. Includes bibliographical references (p. [363]-365) and index.
520 ## - RESUMEN, ETC.
Sumario, etc. "Dopo aver raccontato i "segreti" di varie metropoli - Parigi, New York, Londra e Roma - Corrado Augias rivolge ora la sua attenzione a quelli, quasi impenetrabili e gelosamente serbati, della Santa Sede. Anche qui le pietre parlano, ma più rivelatrici ancora sono le storie di coloro che, nel corso dei secoli, hanno abitato questi palazzi. La galleria dei personaggi comprende templari, gesuiti, inquisitori e membri della potente Opus Dei, ma anche artisti, concubine e regine. E, naturalmente, i papi: dall'umile Celestino V all'arrogante Bonifacio VIII, dal discusso Pio XII al mite ma "rivoluzionario" Giovanni Paolo I. Un tratto sembra legare, agli occhi dell'autore, tutte queste vicende: la commistione fra cielo e terra, fra spiritualità e potere temporale, e il prezzo altissimo che la Chiesa cattolica ha pagato e paga nel tentativo di conciliare due realtà difficilmente compatibili"--Http://www.librimondadori.it/libri/i-segreti-del-vaticano-corrado-augias
546 ## - NOTA DE IDIOMA
Nota de lengua/lenguaje In Italian
610 20 - PUNTO DE ACCESO ADICIONAL DE MATERIA--NOMBRE DE ENTIDAD CORPORATIVA
Nombre de entidad corporativa o nombre de jurisdicción como elemento de entrada Catholic Church
Subdivisión geográfica Italy
-- Rome
Subdivisión general History.
610 24 - PUNTO DE ACCESO ADICIONAL DE MATERIA--NOMBRE DE ENTIDAD CORPORATIVA
Nombre de entidad corporativa o nombre de jurisdicción como elemento de entrada Iglesia Católica
Subdivisión general Historia
Subdivisión geográfica Italia
9 (RLIN) 9932
650 #4 - PUNTO DE ACCESO ADICIONAL DE MATERIA--TÉRMINO DE MATERIA
9 (RLIN) 546
Término de materia o nombre geográfico como elemento de entrada Historia de la iglesia
Subdivisión geográfica Roma (Italia)
651 #0 - PUNTO DE ACCESO ADICIONAL DE MATERIA--NOMBRE GEOGRÁFICO
Nombre geográfico Rome (Italy)
Subdivisión general Church history.
651 #0 - PUNTO DE ACCESO ADICIONAL DE MATERIA--NOMBRE GEOGRÁFICO
Nombre geográfico Vatican City
Subdivisión general History.
651 #4 - PUNTO DE ACCESO ADICIONAL DE MATERIA--NOMBRE GEOGRÁFICO
Nombre geográfico Ciudad del Vaticano
Subdivisión general Historia
9 (RLIN) 23367
856 41 - LOCALIZACIÓN Y ACCESO ELECTRÓNICOS
Materiales especificados Table of contents only
Identificador Uniforme de Recursos <a href="http://www.loc.gov/catdir/toc/casalini08/10311971.pdf">http://www.loc.gov/catdir/toc/casalini08/10311971.pdf</a>
906 ## - ELEMENTOS DE DATOS F LOCAL, LDF (RLIN)
a 7
b cbc
c copycat
d u
e ncip
f 20
g y-gencatlg
942 ## - ELEMENTOS DE ENTRADA SECUNDARIOS (KOHA)
Fuente del sistema de clasificación o colocación Clasificación de Library of Congress
Tipo de ítem Koha Libro
Holdings
Estatus retirado Estado de pérdida Fuente del sistema de clasificación o colocación Estado de daño No para préstamo Colección Biblioteca de origen Biblioteca actual Ubicación en estantería Fecha de adquisición Signatura topográfica completa Código de barras Visto por última vez Copia número Tipo de ítem Koha
    Clasificación de Library of Congress     Humanidades Biblioteca Juan Bosch Biblioteca Juan Bosch Humanidades (4to. Piso) 05/10/2022 BX 1548 A921s 2013 00000165807 05/10/2022 1 Libro